000 00904nam0a22002771 4500
001 v19\rc\1481673
005 20250618195753.0
035 _a(NLR Aleph) 004686553
090 _a3878375
_c3878375
100 _a20060620d1879 |||y0rusy50 ca
101 0 _arus
102 _aRU
105 _ay z |||a|
200 1 _aНа чужой каравай рта не разевай
_e(Рассказ)
_f[Соч.] Фомы Чудака [псевд.]
205 _a[2-е изд.]
210 _aСанкт-Петербург
_cтип. Дома призр. малолетн. бедных
_d1879
215 _a48 с.
_d18
700 1 _aЗеленецкий
_bА.А.
_gАлексей Алексеевич
790 0 _aФома Чудак
801 0 _aRU
_bNLR
_gpsbo
801 0 _aRU
_bRuMoRGB
_2psbo
801 1 _aRU
_bProSoft-M
_2rusmarc
852 _aNLR
_j18.133.5.2
899 _aБАН
942 _cBOOK
980 _aNB